000 00693nam a22001937a 4500
999 _c61411
_d61411
005 20240307140713.0
008 240307s2008 ru ||||| |||| 00| 0 rus d
020 _a9785366003278
041 _arus
080 _a94(358) Б-24
100 _aБардески, К. Д.
_921365
245 _aМесопотамия:
_bКолыбель человечества /
_cК. Д. Бардески.
264 _a Москва :
_bНиола-Пресс,
_c 2008.
300 _a127 с.
_bилл.;
_c19 см.
440 _aТаины истории
_921366
653 _aმესოპოტამია
653 _a კაცობრიობის აკვანი
942 _2udc
_cᲬᲘᲒᲜᲘ